Exploring the world / (Record no. 186943)

000 -LEADER
fixed length control field 01061 a2200253 4500
003 - CONTROL NUMBER IDENTIFIER
control field Nust
005 - DATE AND TIME OF LATEST TRANSACTION
control field 20230126134031.0
010 ## - LIBRARY OF CONGRESS CONTROL NUMBER
LC control number 89011285
020 ## - INTERNATIONAL STANDARD BOOK NUMBER
International Standard Book Number 083680032X
040 ## - CATALOGING SOURCE
Transcribing agency Nust
082 00 - DEWEY DECIMAL CLASSIFICATION NUMBER
Classification number 910.9,BRO
100 1# - MAIN ENTRY--PERSONAL NAME
Personal name Brown, Julie,
9 (RLIN) 104099
245 10 - TITLE STATEMENT
Title Exploring the world /
Statement of responsibility, etc. Julie Brown, Robert Brown.
260 ## - PUBLICATION, DISTRIBUTION, ETC.
Place of publication, distribution, etc. Milwaukee :
Name of publisher, distributor, etc. Gareth Stevens Children's Books,
Date of publication, distribution, etc. 1990.
300 ## - PHYSICAL DESCRIPTION
Extent 64 p. :
Other physical details col. ill. ;
Dimensions 26 cm.
440 #0 - SERIES STATEMENT/ADDED ENTRY--TITLE
Title My first reference library
9 (RLIN) 100150
505 ## - FORMATTED CONTENTS NOTE
Formatted contents note Reasons to Explore (Page-4), The Ancient World (Page-6), Expanding Nations (Page-10), Opening the Pacific (Page-20), Across the New World (Page-24), The Wilds of Asia (Page-30), South America (Page-36), Into Africa (Page-42), Australia’s Interior (Page-48), The Ends of the Earth (Page-52).
650 #0 - SUBJECT ADDED ENTRY--TOPICAL TERM
Topical term or geographic name entry element Discoveries in geography
General subdivision Juvenile literature.
9 (RLIN) 107792
650 #0 - SUBJECT ADDED ENTRY--TOPICAL TERM
Topical term or geographic name entry element Discoveries in geography.
9 (RLIN) 26287
650 #0 - SUBJECT ADDED ENTRY--TOPICAL TERM
Topical term or geographic name entry element Explorers.
9 (RLIN) 26643
700 1# - ADDED ENTRY--PERSONAL NAME
Personal name Brown, Robert,
Dates associated with a name 1961-
9 (RLIN) 104103
700 1# - ADDED ENTRY--PERSONAL NAME
Personal name Man, John,
Dates associated with a name 1941-
9 (RLIN) 107793
942 ## - ADDED ENTRY ELEMENTS (KOHA)
Source of classification or shelving scheme
Koha item type Book
Holdings
Withdrawn status Lost status Source of classification or shelving scheme Damaged status Not for loan Permanent Location Current Location Shelving location Date acquired Full call number Barcode Date last seen Price effective from Koha item type Public note
          Military College of Signals (MCS) Military College of Signals (MCS) General Stacks 12/12/2016 910.9,BRO MCS2052 12/08/2016 12/12/2016 Book Almirah No.58, Shelf No.6
© 2023 Central Library, National University of Sciences and Technology. All Rights Reserved.